000 00598nam a2200229Ia 4500
001 dia_2175
003 CHAP
005 20221213084926.0
008 220117s1978 xx 000 0 und d
010 _a170694
040 _cCHAP
082 _a638.1 R6 1978
100 _aRoma Fábrega, A.
_999466
245 _aApicultura /
_c por A. Roma Fábrega
260 _aBarcelona :
_b Sintes,
_c1978
300 _a322 p.
650 _a1.Apicultura
_9147732
901 _a638.1 R6 1978
902 _aM
905 _a0000001978 BARA 0000000000SPA00
942 _cLIBRO
_2ddc
999 _c170694
_d170694